000155703 001__ 155703
000155703 005__ 20250516084513.0
000155703 037__ $$aTAZ-TFG-2022-1222
000155703 041__ $$aspa
000155703 1001_ $$aPardo Jarne, Mario Alfredo
000155703 24200 $$aThe sound mark register
000155703 24500 $$aEl registro de marcas sonoras
000155703 260__ $$aZaragoza$$bUniversidad de Zaragoza$$c2022
000155703 506__ $$aby-nc-sa$$bCreative Commons$$c3.0$$uhttp://creativecommons.org/licenses/by-nc-sa/3.0/
000155703 520__ $$aLas marcas sonoras presentan una menor problemática que otras marcas no tradicionales (en particular, las olfativas) a la hora de ser registradas, sin embargo, éstas no están ajenas de controversia. Si bien el desarrollo tecnológico ha posibilitado que se superen muchas de las barreras que limitaban su registro, todavía los consumidores no están suficientemente familiarizados con la utilización de los sonidos como una manifestación del origen comercial. Por eso mismo, este trabajo persigue desgranar los problemas y desafíos a los que han de enfrentarse las empresas para poder registrar una determinada marca sonora, para así poder delimitar con mayor precisión el conjunto de requerimientos que han de reunir los sonidos con el objetivo de que las empresas puedan progresar en el desarrollo de sus signos sonoros y posteriormente puedan realizar las pertinentes campañas publicitarias que permitan a los consumidores vincular dicho sonido a los productos o servicios de su empresa.<br />
000155703 521__ $$aPrograma conjunto en ADE/DERECHO (Grados)
000155703 540__ $$aDerechos regulados por licencia Creative Commons
000155703 700__ $$aVarea Sanz, Mario Alejandro$$edir.
000155703 7102_ $$aUniversidad de Zaragoza$$bDerecho de la Empresa$$cDerecho Mercantil
000155703 8560_ $$f737971@unizar.es
000155703 8564_ $$s568308$$uhttps://zaguan.unizar.es/record/155703/files/TAZ-TFG-2022-1222.pdf$$yMemoria (spa)
000155703 909CO $$ooai:zaguan.unizar.es:155703$$pdriver$$ptrabajos-fin-grado
000155703 950__ $$a
000155703 951__ $$adeposita:2025-05-16
000155703 980__ $$aTAZ$$bTFG$$cDER
000155703 999__ $$a20220609202750.CREATION_DATE